000 00611nam a2200229Ia 4500
001 40978
005 20240114003400.0
007 ta
008 080130s g b000 u 465 u
040 _aCottonCollege,Assam
041 _a465
082 _a327.101
_bJo 549 In
100 _aJohari, J.C. .
245 0 _aInternatonal Relations and Politics /
_cJ.C.Johari.
_hTextual Documents
260 _aNew Delhi :
_bSterling publishers ,
_c1992.
300 _a408pg ;
_c27cm.
653 _aG-Political Science
653 _aTG-Pol Sc
942 _2ddc
_cBK
999 _c40948
_d40948